书目信息 |
| 题名: |
契诃夫文集
|
|
| 作者: | 契诃夫 著 ;汝龙 译 | |
| 分册: | 第三卷 | |
| 出版信息: | 上海 上海译文出版社 1983.11 |
|
| 页数: | 501 | |
| 开本: | 21cm | |
| 丛书名: | ||
| 单 册: | ||
| 中图分类: | I512.11 | |
| 科图分类: | ||
| 主题词: | ||
| 电子资源: | ||
| ISBN: | ||
| 000 | 00561nam0 2200193 45 | |
| 001 | 0181021734 | |
| 005 | 20060801152302.98 | |
| 010 | @dCNY1.65 | |
| 100 | @a20810111d km y0chiy0120 ea | |
| 101 | 0 | @achi |
| 105 | @a z 000yy | |
| 200 | 1 | @Aqi he fu wen ji@F(e)qi he fu zhu@a契诃夫文集@h第三卷@f(俄)契诃夫著@g汝龙译@Gru long yi |
| 210 | @a上海@c上海译文出版社@d1983.11 | |
| 215 | @a501@c照片@d21cm | |
| 690 | @aI512.11 | |
| 701 | 0 | @a契诃夫@Aqi he fu@4著 |
| 702 | 0 | @a汝龙@Aru long@4译 |
| 801 | @aCN@bTSTC@c20060801 | |
| 905 | @dI512.11@e146:3@f5@b98916-20 | |
| 契诃夫文集.第三卷/(俄)契诃夫著/汝龙译.-上海:上海译文出版社,1983.11 |
| 501:照片;21cm |
| ISBN :CNY1.65 |
| ● |
| 相关链接 |
|
|
|
|
正题名:契诃夫文集
索取号:I512.11/146:3
 
预约/预借
| 序号 | 登录号 | 条形码 | 馆藏地/架位号 | 状态 | 备注 |
| 1 | 0098916 | 000662296 | 第二借阅区/ [索取号:I512.11/146:3] | 在馆 | |
| 2 | 0098917 | 000662303 | 第二借阅区/ [索取号:I512.11/146:3] | 在馆 | |
| 3 | 0098918 | 000662330 | 第二借阅区/ [索取号:I512.11/146:3] | 在馆 | |
| 4 | 0098919 | 000662358 | 第二借阅区/ [索取号:I512.11/146:3] | 在馆 | |
| 5 | 0098920 | 000662312 | 第二借阅区/ [索取号:I512.11/146:3] | 在馆 | |
| 6 | 0230092 | 000662349 | 第二借阅区/ [索取号:I512.11/146:3] | 在馆 | |
| 7 | 0230093 | 000662223 | 第二借阅区/ [索取号:I512.11/146:3] | 在馆 | |
| 8 | 0230094 | 000662321 | 第二借阅区/ [索取号:I512.11/146:3] | 在馆 |